Imiona nadane chłopcom w 2004 roku - Statystyki

Ogólne statystyki
  • Ten quiz został rozwiązany 78 razy
  • Średni wynik to 69 z 100
Statystyki odpowiedzi
Odpowiedź % Poprawnych
J Jan
98%
B Bartosz
96%
M Mateusz
96%
A Adam
94%
K Kacper
94%
Ł Łukasz
94%
P Paweł
94%
P Piotr
94%
T Tomasz
94%
B Bartłomiej
92%
F Filip
92%
J Jakub
92%
M Michał
90%
S Szymon
90%
A Aleks
88%
A Aleksander
88%
A Alexander
88%
D Damian
88%
D David
88%
D Dawid
88%
K Kamil
88%
R Robert
88%
D Daniel
86%
F Franciszek
86%
H Hubert
86%
M Marek
86%
W Wiktor
86%
D Dariusz
84%
D Dominik
84%
G Grzegorz
84%
M Marcin
84%
P Patryk
84%
A Andrzej
82%
I Igor
82%
K Krzysztof
82%
W Wojciech
82%
M Mikołaj
80%
S Sebastian
80%
A Adrian
78%
K Karol
78%
K Konrad
78%
M Mariusz
78%
M Maciej
76%
K Krystian
75%
O Oskar
75%
R Rafał
75%
A Antoni
73%
E Emil
73%
E Eryk
73%
O Olivier
73%
O Oliwer
73%
O Oliwier
73%
S Stanisław
73%
A Arkadiusz
71%
C Cezary
71%
J Jacek
71%
K Kuba
71%
M Marcel
71%
M Miłosz
71%
R Radosław
69%
S Sławomir
69%
T Tymon
69%
J Jarosław
67%
N Natan
67%
O Olaf
67%
P Przemysław
67%
T Tymoteusz
67%
N Nikodem
65%
N Norbert
63%
G Gabriel
61%
I Ignacy
61%
J Jerzy
61%
B Błażej
59%
J Julian
59%
M Maksym
55%
A Alan
53%
B Borys
53%
F Fabian
53%
K Kornel
53%
M Maksymilian
53%
S Sylwester
53%
A Albert
51%
A Artur
49%
G Gracjan
49%
K Kajetan
49%
T Tobiasz
49%
W Witold
49%
C Cyprian
41%
D Dorian
39%
K Ksawery
39%
J Jędrzej
35%
K Klaudiusz
33%
S Seweryn
31%
E Ernest
27%
K Kevin
25%
K Kewin
25%
M Marceli
25%
S Samuel
25%
D Denis
22%
R Remigiusz
22%
Nie znaleziono quizów pasujących do podanych kryteriów
Rozkład punktacji
Procent ludzi z każdym wynikiem
Percentyl według liczby udzielonych odpowiedzi
Twoja historia wyników
Nie rozwiązałeś tego quizu